Export guidelines

Bibliographic Details
Main Author: Hoasheng, G. (Author)
Format: Book
Published: Singapore : Rank Books , 1984
Subjects:

MARC

LEADER 00000cam a2200000 7i4500
001 0000008809
005 20221124093000.0
008 021119n
020 |a 0971840030 
050 0 0 |a HF1010   |b .H6 
090 0 0 |a HF1010   |b .H6 
100 0 |a Hoasheng, G. ,   |e author 
245 0 0 |a Export guidelines   |c G.Hoasheng 
260 2 |a Singapore :   |b Rank Books ,   |c 1984 
300 |a 88 p. ; ;   |c 21 cm. 
650 0 |a Commerce   |x Handbooks, manuals, etc. 
650 0 |a Foreign trade regulation   |v Handbooks, manuals, etc. 
999 |a 1000010564   |b Book   |c OPEN SHELF (30 DAYS)   |e Gong Badak Campus